000 01005nam0a22002651 4500
001 rc\3271289
005 20130115144205.8
021 _aRU
_b[71-84570]
035 _a(NLR Aleph) 007488000
090 _a7587085
_c7587085
100 _a20130115d1971 |||y0rusy50 ca
101 0 _arus
102 _aRU
105 _ay z |||||
200 1 _aЦены и ценообразование в СССР
_e[Учеб. пособие для экон. вузов и фак.]
210 _aМинск
_cВышэйш. школа
_d1971
215 _a368 с.
_d22
532 1 2 _aЦены и ценообразование в Союзе Советских Социалистических Республик
606 _aЦена и ценообразование в СССР
_jУчебники и пособия
_2psbo
700 1 _aЗавьялков
_bА. Г.
_gАфанасий Георгиевич
801 0 _aRU
_bNLR
_gpsbo
801 1 _aRU
_bELAR
_2rusmarc
852 _aNLR
_j71-5/5120
942 _cBOOK
980 _aNB